[Event "LUX-ch U20"]
[Site "Luxembourg"]
[Date "1998.02.24"]
[Round "4"]
[White "Lorenz, Peter"]
[Black "Streitz, M."]
[Result "0-1"]
[WhiteElo "1475"]
[BlackElo "1300"]
[PlyCount "78"]
[EventDate "1998.??.??"]
[EventType "tourn"]
[EventRounds "5"]
[EventCountry "LUX"]
[SourceTitle "EXT 2003"]
[Source "ChessBase"]
[SourceDate "2002.11.25"]
[SourceVersion "1"]
[SourceVersionDate "2002.11.25"]
[SourceQuality "1"]

1. e4 e5 2. Nf3 Nc6 3. d4 Nf6 4. d5 Na5 5. Bg5 b6 6. Nbd2 Bc5 7. a3 Nb7 8. Qe2 h6 9. Bxf6 Qxf6 10. g3 d6 11. Bg2 0-0 12. 0-0 a5 13. c3 b5 14. Qxb5 Rb8 15. b4 axb4 16. axb4 Bb6 17. Ra3 Bg4 18. Qd3 Bxf3 19. Nxf3 Qg6 20. Nh4 Qh7 21. Nf5 c6 22. Ne7+ Kh8 23. dxc6 Nd8 24. Qxd6 Ne6 25. Qxe5 Rfd8 26. Nd5 Qg6 27. Nxb6 Rxb6 28. f4 Qg4 29. f5 Nf8 30. h3 Qe2 31. f6 Ne6 32. fxg7+ Nxg7 33. Qf4 Rxc6 34. Qxh6+ Rxh6 35. Kh2 Re6 36. Rg1 Rxe4 37. Ra7 Kg8 38. Rf1 Rd2 39. Rg1 Qf2 0-1